[Event "AUTO-OPEN-1650"]
[Site "http://www.queenalice.com/game.php?id=632839"]
[Date "2009.8.8"]
[Round "1"]
[White "flopp"]
[Black "rain"]
[Result "1-0"]
[WhiteElo "1850"]
[BlackElo "1560"]

1. e4 g6 2. d4 d6 3. Bd3 Bg7 4. Ne2 Bg4 5. f3 Bd7 6. Be3 Nc6 7. c3 e5 8. Nd2 a6
9. d5 Nce7 10. Qb3 Qc8 11. a4 Bh6 12. Bxh6 1-0

[Event "AUTO-OPEN-1650"]
[Site "http://www.queenalice.com/game.php?id=632840"]
[Date "2009.8.8"]
[Round "1"]
[White "rain"]
[Black "flopp"]
[Result "0-1"]
[WhiteElo "1556"]
[BlackElo "1854"]

1. e4 e5 2. Bc4 Nf6 3. d3 c6 4. Nc3 d6 5. Bg5 Be7 6. Nf3 Bg4 7. h3 Bh5 8. Bxf6
Bxf6 9. Qe2 O-O 10. g4 Bg6 11. h4 h5 12. g5 Be7 0-1

[Event "AUTO-OPEN-1650"]
[Site "http://www.queenalice.com/game.php?id=632865"]
[Date "2009.8.8"]
[Round "1"]
[White "devagar"]
[Black "rain"]
[Result "1-0"]
[WhiteElo "1837"]
[BlackElo "1590"]

1. e4 c5 2. Nf3 Nf6 3. e5 Nd5 4. c4 Nc7 5. Be2 Nc6 6. O-O e6 7. Nc3 d6 8. exd6
Bxd6 9. Ne4 b6 10. d3 Bb7 11. Be3 Ne5 12. Nxd6+ Qxd6 13. d4 Nxf3+ 14. Bxf3 Bxf3
15. Qxf3 cxd4 16. Bf4 e5 17. Bxe5 Qc5 18. Bxc7 O-O 19. Qg3 1-0

[Event "AUTO-OPEN-1650"]
[Site "http://www.queenalice.com/game.php?id=632866"]
[Date "2009.8.8"]
[Round "1"]
[White "rain"]
[Black "devagar"]
[Result "0-1"]
[WhiteElo "1573"]
[BlackElo "1854"]

1. e4 c5 2. Bc4 e6 3. Nf3 d5 4. exd5 exd5 5. Bb5+ Bd7 6. Bxd7+ Nxd7 7. O-O Qc7
8. d4 O-O-O 9. Nc3 Ngf6 10. Bg5 h6 11. Bxf6 Nxf6 12. Re1 Bd6 13. g3 a6 14. b3
Rhe8 15. a4 c4 16. Rb1 Bb4 17. Rxe8 Rxe8 18. Na2 Bd6 19. b4 Ne4 0-1

[Event "AUTO-OPEN-1650"]
[Site "http://www.queenalice.com/game.php?id=632883"]
[Date "2009.8.8"]
[Round "1"]
[White "rain"]
[Black "Pedro666"]
[Result "0-1"]
[WhiteElo "1592"]
[BlackElo "2303"]

1. e4 Nf6 2. e5 Nd5 3. d4 d6 4. Qf3 dxe5 5. Bc4 Be6 6. dxe5 Nb4 7. Qb3 Bxc4 8.
Qxc4 Qd4 9. Qe2 N8c6 10. c3 Nd3+ 11. Kf1 Nxc1 12. cxd4 Nxe2 13. Nxe2 O-O-O 14.
Nbc3 Nxd4 15. Nxd4 Rxd4 16. Rc1 Rd2 17. Na4 e6 18. g3 b5 19. Nc5 Bxc5 20. Rxc5
Rxb2 0-1

[Event "AUTO-OPEN-1650"]
[Site "http://www.queenalice.com/game.php?id=632884"]
[Date "2009.8.8"]
[Round "1"]
[White "Pedro666"]
[Black "rain"]
[Result "1-0"]
[WhiteElo "2304"]
[BlackElo "1552"]

1. d4 g6 2. Nf3 Bg7 3. g3 Nf6 4. Bg2 e6 5. c4 c6 6. O-O O-O 7. Nc3 d5 8. b3 Nbd7
9. Bb2 b6 10. Rc1 a6 11. cxd5 cxd5 12. Na4 b5 13. Nc5 Nxc5 14. dxc5 1-0

[Event "AUTO-OPEN-1654"]
[Site "http://www.queenalice.com/game.php?id=634569"]
[Date "2009.8.11"]
[Round "1"]
[White "tayron"]
[Black "rain"]
[Result "1-0"]
[WhiteElo "1466"]
[BlackElo "1574"]

1. d4 d5 2. c4 dxc4 3. Nc3 a6 4. a4 c6 5. e4 e6 6. Bxc4 Bb4 7. Ne2 b5 8. Bd3 Qa5
9. Bd2 Qc7 10. axb5 cxb5 11. O-O Bb7 12. Rc1 Qe7 13. f3 Nf6 14. Qb3 O-O 15. Rfd1
Rd8 16. Na2 Bxd2 17. Rxd2 Nc6 18. Nf4 Nxd4 19. Qb4 Qxb4 20. Nxb4 Nb3 21. Rcc2
Nxd2 22. Rxd2 1-0

[Event "AUTO-OPEN-1654"]
[Site "http://www.queenalice.com/game.php?id=634570"]
[Date "2009.8.11"]
[Round "1"]
[White "rain"]
[Black "tayron"]
[Result "0-1"]
[WhiteElo "1554"]
[BlackElo "1486"]

1. e4 c5 2. Bc4 d6 3. d3 Nf6 4. Nf3 g6 5. e5 dxe5 6. Nxe5 e6 7. O-O Bd6 8. Bf4
O-O 9. Qf3 Qc7 10. Re1 Nbd7 11. Qg3 Nh5 12. Qe3 Nxf4 13. Ng4 f5 14. g3 Nd5 15.
Nh6+ Kg7 16. Bxd5 exd5 17. c3 Ne5 18. d4 Nc4 19. Qc1 Bd7 20. b3 Nb6 21. Na3 Rfe8
22. Qg5 Qd8 0-1

[Event "AUTO-OPEN-1654"]
[Site "http://www.queenalice.com/game.php?id=634603"]
[Date "2009.8.11"]
[Round "1"]
[White "Prosperidade"]
[Black "rain"]
[Result "1-0"]
[WhiteElo "1780"]
[BlackElo "1596"]

1. d4 e6 2. c4 Nf6 3. a3 c5 4. d5 exd5 5. cxd5 b5 6. Nf3 d6 7. Nc3 Qa5 8. Bd2
Qb6 9. e3 c4 10. Be2 Bf5 11. O-O g6 12. Nd4 a6 13. Nxf5 gxf5 14. Qc2 Qc5 15.
Qxf5 Nbd7 16. e4 Bg7 17. Be3 Qc8 18. Qg5 Rg8 19. Qf5 Nc5 20. Qxc8+ Rxc8 21. Bf4
Kd7 22. f3 Nh5 23. Be3 Nb3 24. Rab1 Bd4 25. Bxd4 1-0

[Event "AUTO-OPEN-1654"]
[Site "http://www.queenalice.com/game.php?id=634604"]
[Date "2009.8.11"]
[Round "1"]
[White "rain"]
[Black "Prosperidade"]
[Result "0-1"]
[WhiteElo "1608"]
[BlackElo "1713"]

1. e4 e5 2. Bc4 c6 3. Qh5 Qe7 4. Nf3 d6 5. d3 Nf6 6. Qg5 h6 7. Qe3 a5 8. a4 Be6
9. Nbd2 Qd8 10. Bxe6 fxe6 11. c4 Be7 12. b3 c5 13. Bb2 Nc6 14. Nb1 Nb4 15. Na3
O-O 16. h3 Nh5 17. O-O-O Nf4 18. Ne1 Bg5 19. Kb1 Nfxd3 20. Qe2 Rxf2 21. Qg4
Rxb2+ 22. Ka1 Rxb3 23. Nac2 Qd7 24. Qf3 Qxa4+ 0-1

[Event "Challenge"]
[Site "http://www.queenalice.com/game.php?id=764923"]
[Date "2010.4.23"]
[Round "-"]
[White "matamuff"]
[Black "rain"]
[Result "1-0"]
[WhiteElo "1657"]
[BlackElo "1535"]

1. Nf3 d5 2. c3 Nc6 3. d4 Bf5 4. Bf4 e6 5. e3 Bd6 6. Ne5 Nxe5 7. dxe5 Bc5 8. h3
h5 9. Nd2 g5 10. Bh2 g4 11. Nb3 Bb6 12. Nd4 Nh6 13. Ne2 1-0

[Event "Challenge"]
[Site "http://www.queenalice.com/game.php?id=764924"]
[Date "2010.4.23"]
[Round "-"]
[White "rain"]
[Black "matamuff"]
[Result "0-1"]
[WhiteElo "1524"]
[BlackElo "1668"]

1. d4 Nf6 2. Bg5 e6 3. e4 d5 4. e5 h6 5. Bh4 g5 6. Bg3 Nfd7 7. Nc3 Nc6 8. Bb5
Ne7 9. a4 Nf5 10. Nge2 c6 11. Bd3 Bg7 12. f4 Nf8 0-1